000 00550nam a2200205Ii 4500
003 JO-AjNU
008 230606s9999||||xx |||||||||||||| ||und||
020 _a978-1-441-8015-5
040 _aJO-AjNU
_beng
_erda
_cJO-AjNU
041 _aeng
050 1 4 _aS741.2010
100 3 _awanock,Mary,
_eauthor
_9100
245 0 0 _aSpeical Education Needs
264 3 1 _aBritish:continuum,2010
300 _a168p
336 _atext
_btxt
_2rdacontent
337 _aunmediated
_bn
_2rdamedia
338 _avolume
_bnc
_2rdacarrier
650 4 _aspecial education
_9101
999 _aE54
_c54
_d54